01260cam a22003854i 4500003000900000005001700009008004100026035001900067040003300086082001900119100003700138245012500175264005800300300003800358336002100396337002500417338002300442504002800465505014900493526001000642526001000652526001000662526001000672526000800682526000800690526000800698526000800706526000800714526000800722526000800730630004000738630004600778650001900824700003100843PE-LiUPU20250731173019.0150623s1995 ilu rb 000 0 eng d a(Sirsi) a23281 aPE-LiUPUbspacPE-LiUPUerda04a236.9bP282211 aPate, C. Marvin,d1952-,eautor.10aDoomsday delusions :bwhat's wrong with predictions about the end of the world /cC. Marvin Pate & Calvin B. Haines, Jr. 1aDowners Grove, Illinois :bInterVarsity Press,c1995. a180 páginas ;c21 centímetros atext2rdacontent aunmediated2rdamedia avolume2rdacarrier aIncluye bibliografía.0 aWhen prophecy fails -- The signs of the times -- This generation will not pass away -- The separation of the saints -- Why kingdom did not come. aSEG42 aSEG41 aSEG40 aSEG39 aP94 aP87 aP86 aP85 aP77 aP76 aP35 aBibliaxProfecíasvFin del mundo. aBibliaxCrítica, interpretación, etc.04aFin del mundo.1 aHaines Calvin, B.,eautor.